|
|
|
|
| LEADER |
00000nam0a2200000 4500 |
| 001 |
172111 |
| 005 |
20231101223014.0 |
| 010 |
|
|
|a 5898263136
|
| 035 |
|
|
|a (RuTPU)RU\TPU\book\186603
|
| 090 |
|
|
|a 172111
|
| 100 |
|
|
|a 20091210d2009 km y0rusy50 ca
|
| 101 |
0 |
|
|a rus
|
| 102 |
|
|
|a RU
|
| 105 |
|
|
|a y z 001zy
|
| 200 |
1 |
|
|a Символ и сознание. Метафизические рассуждения о сознании, символике и языке
|f М. К. Мамардашвили, А. М. Пятигорский
|g Российская академия наук (РАН), Институт философии (ИФ)
|
| 210 |
|
|
|a Москва
|c Прогресс-Традиция
|d 2009
|
| 215 |
|
|
|a 288 с.
|
| 320 |
|
|
|a Имен. указ.: с. 286-287.
|
| 330 |
|
|
|a Впервые увидевшая свет в 1982 году в Иерусалиме книга М.К. Мамардашвили и A.M. Пятигорского «Символ и сознание» посвящена рассмотрению жизни сознания через символы. Понимание символа выводится за рамки семиотической трактовки символа как «знака чего-то другого». Символ — единственный способ войти в жизнь сознания, которое в понимании авторов есть предельный горизонт самого философствования. Метатеоретический подход к изучению сознания, развиваемый в книге, предлагает способ описания, открывающий возможность схватывания символической природы сознания, для чего вводятся понятия сферы, структуры и состояния сознания. Издание представляет собой самый полный на сегодняшний день текст книги, в котором учтены расхождения трех имеющихся источников: иерусалимского (1982) и московского (1997) изданий, а также машинописного экземпляра из архива М.К. Мамардашвили. В приложении публикуется статья «Три беседы о метатеории сознания. (Краткое введение в учение виджнянавады)», первый подступ авторов к проблематике книги «Символ и сознание».
|
| 606 |
1 |
|
|a Обыденное сознание
|2 stltpush
|3 (RuTPU)RU\TPU\subj\46715
|9 65830
|
| 606 |
1 |
|
|a Символ
|x Философия
|2 stltpush
|3 (RuTPU)RU\TPU\subj\69416
|9 84272
|
| 610 |
1 |
|
|a сознание
|
| 610 |
1 |
|
|a язык
|
| 610 |
1 |
|
|a символика
|
| 610 |
1 |
|
|a межкультурные коммуникации
|
| 610 |
1 |
|
|a знание
|
| 610 |
1 |
|
|a культура
|
| 610 |
1 |
|
|a семиотика
|
| 610 |
1 |
|
|a языковые системы
|
| 686 |
|
|
|a Ю212.24
|v LBC/SL-A
|2 rubbk
|
| 686 |
|
|
|a Ю224
|v LBC/SL-A
|2 rubbk
|
| 700 |
|
1 |
|a Мамардашвили
|b М. К.
|g Мераб Константинович
|
| 701 |
|
1 |
|a Пятигорский
|b А. М.
|g Александр Моисеевич
|
| 712 |
0 |
2 |
|a Российская академия наук (РАН)
|b Институт философии (ИФ)
|2 stltpush
|3 (RuTPU)RU\TPU\col\147
|
| 801 |
|
1 |
|a RU
|b 63413507
|c 20091210
|
| 801 |
|
2 |
|a RU
|b 63413507
|c 20100423
|g RCR
|
| 942 |
|
|
|c BK
|
| 959 |
|
|
|a 121/20091210
|d 1
|e 0
|f ЧЗГЛ:1
|